Reales exequias, por el señor don Carlos III, Rey de las Españas, y Américas. Y real proclamación de su augusto hijo el señor D. Carlos IV, por la muy noble, y muy leal ciudad de Granada, provincia de Nicaragua, Reyno de Guatemala /

محفوظ في:
التفاصيل البيبلوغرافية
المؤلف الرئيسي: Ximena y Padilla, Pedro (autor)
مؤلفون آخرون: Pérez Alonso, Manuel Ignacio (edición, introducción y notas) (edición, introducción y notas)
التنسيق: كتاب
اللغة:الإسبانية
منشور في: México : Jus, 1974, c1974
الوسوم: إضافة وسم
لا توجد وسوم, كن أول من يضع وسما على هذه التسجيلة!

MARC

LEADER 00000nam^a2200000^a^4500
001 000565456
005 20250521000000.0
009 20260310132047.653
037 |a Acervo ITESO - Biblioteca 
041 |a ESP 
091 |a FGM. 02591 
100 |a Ximena y Padilla, Pedro  |e (autor) 
245 1 0 |a Reales exequias, por el señor don Carlos III, Rey de las Españas, y Américas. Y real proclamación de su augusto hijo el señor D. Carlos IV, por la muy noble, y muy leal ciudad de Granada, provincia de Nicaragua, Reyno de Guatemala / 
264 4 |a México :  |b Jus,  |c 1974, c1974 
300 |a 145 p. 
336 |a texto  |b txt  |2 rdacontenido 
337 |a sin mediación  |b n  |2 rdamedio 
338 |a volumen  |b nc  |2 rdasoporte 
649 |a XX 
700 |a Pérez Alonso, Manuel Ignacio  |e (edición, introducción y notas) 
910 |a Fondo Efraín González Morfín 
920 |a Impresos - Libros 
930 |a Fondos Especiales 
905 |a 130 
901 |a 0500357587  |b IT2  |c ESL  |i D90819  |u 20250521 
902 |a https://opac.biblio.iteso.mx/vufind/Record/000565456